|
|
|
|
| LEADER |
00000nam0a2200000 4500 |
| 001 |
376266 |
| 005 |
20241003134206.0 |
| 035 |
|
|
|a (RuTPU)RU\TPU\retro\33706
|
| 090 |
|
|
|a 376266
|
| 100 |
|
|
|a 20221222d1978 m y0rusy50 ca
|
| 101 |
0 |
|
|a rus
|
| 102 |
|
|
|a RU
|
| 105 |
|
|
|a a j 001zy
|
| 200 |
1 |
|
|a Задачник по радиопередающим устройствам СВЧ (передатчики ламповые, клистронные, магнетронные, митронные и лазерные)
|f С. С. Гарматюк, Л. И. Телятников
|g Таганрогский радиотехнический институт
|
| 210 |
|
|
|a Таганрог
|c [Б. и.]
|d 1978
|
| 215 |
|
|
|a 86 с.
|c ил.
|
| 320 |
|
|
|a Библиогр.: с. 70-79
|
| 606 |
1 |
|
|a Радиопередающие устройства
|2 stltpush
|3 (RuTPU)RU\TPU\subj\22931
|9 47606
|
| 610 |
1 |
|
|a сверхвысокочастотные ламповые генераторы
|
| 610 |
1 |
|
|a передатчики
|
| 610 |
1 |
|
|a пролетные клистроны
|
| 610 |
1 |
|
|a магнетроны
|
| 610 |
1 |
|
|a митроны
|
| 610 |
1 |
|
|a лазерные передатчики
|
| 610 |
1 |
|
|a расчетные соотношения
|
| 610 |
1 |
|
|a задачи
|
| 610 |
1 |
|
|a типовые решения
|
| 610 |
1 |
|
|a учебные пособия
|
| 675 |
|
|
|a 621.396.61(076)
|v 4
|
| 700 |
|
1 |
|a Гарматюк
|b С. С.
|g Сергей Сергеевич
|
| 701 |
|
1 |
|a Телятников
|b Л. И.
|g Леонид Иванович
|
| 712 |
0 |
2 |
|a Таганрогский радиотехнический институт
|c (1952-1993)
|7 ca
|8 rus
|2 stltpush
|3 (RuTPU)RU\TPU\col\12259
|9 25365
|
| 801 |
|
1 |
|a RU
|b 63413507
|c 20221222
|
| 942 |
|
|
|c BK
|